banner-ar

صورة المرأة فى العصور القديمة / (Record no. 64203)

MARC details
000 -الفاتح
حقل البيانات ثابتة الطول 01311nam a22003137a 4500
005 - وقت وتاريخ اخر تعامل مع التسجيلة
رقم الضبط 20240530110719.0
008 - عناصر البيانات ثابتة الطول - معلومات عامة
حقل البيانات ثابتة الطول 180321s2016 ua ah g b 000 0dara d
017 ## - رقم الايداع القانونى
رقم الايداع القانونى 2012/14794
المصدر ( الهيئة المختصة) مصر. دار الكتب
020 ## - الرقم الدولى المعيارى للكتب
الرقم الدولى المعيارى للكتاب 9789777180245
040 ## - مصدر الفهرسة
وكالة الفهرسة الأصلية EG-CaGPL
وكالة النسخ EG-CaGPL
082 04 - رقم تصنيف ديوى العشرى
رقم الطبعة 21
رقم التصنيف 305.4 /
رقم المادة ك ص
245 00 - بيان العنوان
العنوان صورة المرأة فى العصور القديمة /
بيان المسئوليه,etc تحرير افريل كاميرون، اميلى كوهرت ؛ ترجمة امل رواش
250 ## - بيان الطبعة
بيان الطبعة ط.1
260 ## - PUBLICATION, DISTRIBUTION, ETC. (IMPRINT)
تاريخ النشر أو التوزيع 2016.
300 ## - الوصف المادى
التعداد 595 ص. :
تفاصيل ماديه اخرى للوعاء ايض ؛
أبعاد الوعاء 24 سم.
490 0# - بيان السلسلة
عنوان السلسلة المركز القومى للترجمة ؛
رقم المجلد/ التعيين التسلسلي 2167.
504 ## - تبصرة ببليوجرافية
تبصرة ببليوجرافية,الخ يشتمل على ارجاعات ببليوجرافية
650 07 - المدخل الاضافى بالموضوع-مصطلح موضوعى
مصدر الرأس أو المصطلح qrmak
مصطلح موضوعي المرأة
التقسيم الفرعي العام احوال اجتماعية
650 07 - المدخل الاضافى بالموضوع-مصطلح موضوعى
مصطلح موضوعي المرأة السورية
التقسيم الفرعي العام المسيحية
650 07 - المدخل الاضافى بالموضوع-مصطلح موضوعى
مصطلح موضوعي المرأة اليهودية
650 07 - المدخل الاضافى بالموضوع-مصطلح موضوعى
مصطلح موضوعي المرأة اليونانية
650 07 - المدخل الاضافى بالموضوع-مصطلح موضوعى
مصدر الرأس أو المصطلح qrmak
مصطلح موضوعي المرأة
التقسيم الفرعي العام تاريخ
التقسيم الفرعي الزمني العصور القديمة
651 ## - المدخل الاضافى بالموضوع - اسم جغرافى
مصدر الرأس أو المصطلح qrmak
700 1# - المدخل الاضافى - اسم شخصى
الإسم الشخصى كاميرون، افريل
الدور محرر
700 1# - المدخل الاضافى - اسم شخصى
الإسم الشخصى كوهرت، اميلى
الدور محرر مشارك
700 0# - المدخل الاضافى - اسم شخصى
الإسم الشخصى امل رواش
الدور مترجم
942 ## - عناصر المدخل الإضافي( كوها)
مصدر التصنيف او مخطط الترفيف Dewey Decimal Classification
Koha [default] item type كتاب
260 ## - PUBLICATION, DISTRIBUTION, ETC. (IMPRINT)
-- القاهرة :
-- المركز القومى للترجمة ،
Holdings
حالة التراجع حالة الفقد حالة تلف ليس للاعارة المكان المؤقت الموقع الحالى موقع الترفيف تاريخ الاكتساب اجمالي اﻻعارات رقم الطلب الباركود تاريخ اخر مشاهدة تاريخ تفعيل السعر نوع وعاء كوها
        مكتبة القاهرة الكبرى مكتبة القاهرة الكبرى القاعة الرئيسية 03/21/2018   305.4 / ك ص 164350 03/21/2018 03/21/2018 كتاب

Powered By

EGPV